| 000 | 00473nam a2200169Ia 4500 | ||
|---|---|---|---|
| 003 | LDD | ||
| 008 | 190117s9999 xx 000 0 und d | ||
| 020 | _c₹40 | ||
| 040 | _cLDD | ||
| 041 | _ahi | ||
| 082 | _a8H3.7 य 69252 य | ||
| 100 | _aयशपाल | ||
| 245 | 0 |
_aयशपाल की कहानियाँ _cयशपाल |
|
| 260 |
_aदिल्ली _bविकाश पेपर बैक्स _c1992 |
||
| 300 | _a127पृ. | ||
| 942 |
_2ddc _cH |
||
| 999 |
_c167587 _d167587 |
||